000 00587nam a2200169 a 4500
001 000040025
005 20201002033854.0
008 130802s2007 mx 000 0 spa d
020 _a9789703204724
040 _aDO-SdBNP
_bspa
_cBNPHU
100 1 _aOreamuno, Yolanda
_966263
245 1 0 _aDe obscuras extranjerías /
_cYolanda Oreamuno ; introducción José Ricardo Chavez.
260 _aMéxico :
_bUniversidad Nacional Autónoma de México,
_c2007.
300 _a85 p. ;
_c18 cm.
490 1 _aRelato Licenciado Vidriera
_v43
830 0 _aColeccion Relato Licenciado Vidriera
_v43
_966264
999 _c39515
_d39515